000 00501nam a2200181Ia 4500
008 230917s9999||||xx |||||||||||||| ||und||
020 _cGBP31.99
040 _e223732
_aMAIN
041 _aEnglish
082 _a387.542068 G358C(2)
100 _aGibson, Philip
245 0 _aCruise operations manageement: Hospitality perspectives
250 _a2nd ed.
260 _aLondon
_bRoutledge
_c2012
300 _aix, 312 p.
500 _a1915 27/01/2015 APD 1013196 20/02/2015 IHTM (SFS)
942 _cBK
999 _c14147
_d14147